MCAT biology review notes (Record no. 32403)

MARC details
000 -LEADER
fixed length control field 00685nam a2200169Ia 4500
020 ## - INTERNATIONAL STANDARD BOOK NUMBER
ISBN 9781607144380
050 ## - CALL MARK
Classification number R 838.5 .M32/
245 #0 - TITLE STATEMENT
Title MCAT biology review notes
260 ## - PUBLICATION, DISTRIBUTION, ETC. (IMPRINT)
Place of publication United States
260 ## - PUBLICATION, DISTRIBUTION, ETC. (IMPRINT)
Name of publisher Kaplan Publishing
260 ## - PUBLICATION, DISTRIBUTION, ETC. (IMPRINT)
Year of publication 2009
300 ## - PHYSICAL DESCRIPTION
Number of Pages 464 p
650 ## - SUBJECT ADDED ENTRY--TOPICAL TERM
Topical Term Medical College Admission Test--Study guides--Periodicals. Medical colleges--United States--Entrance examinations--Study guides--Periodicals. Biology--Examinations--Study guides--Periodicals. Biology--Examinations. Medical College Admission Test. Medical colleges--Entrance examinations. United States.
942 ## - ADDED ENTRY ELEMENTS (KOHA)
Koha item type Books
Holdings
Withdrawn status Lost status Source of classification or shelving scheme Damaged status Not for loan Permanent Location Current Location Date acquired Accession Number Price effective from Koha item type
    Library of Congress Classification     NILE UNIVERSITY OF NIGERIA - MAIN LIBRARY NILE UNIVERSITY OF NIGERIA - MAIN LIBRARY 04/23/2025 0003198 04/23/2025 Books